00550nam a22001937a 45000010005000000030006000050050017000110080041000280400029000691000016000982450039001142500025001532600042001783000044002205050008002645210029002725210020003017000035003215636FISKH20250108112505.0250108b cb ||||| |||| 00| 0 eng d aFISKHbengcFISKHdFISKH aWatts, John aEarly encounters /cby John Watts  aFirst published 1970 aLondon : bLongman Group Ltd ;c1970. a146 pages : billustrations ;c22 cm .  aS 8 a790 bLexile estimate 8 aS bRaz-Plus  aKeeping, Charleseillustrator